La empresa multinacional: algunos aspectos importantes

Gespeichert in:
Bibliographische Detailangaben
1. Verfasser: Roig, Barto (VerfasserIn)
Format: Buch
Sprache:Englisch
Spanisch
Veröffentlicht: Barcelona EUNSA 1970
Schriftenreihe:IESE. Serie AC-3
Schlagworte:
Tags: Tag hinzufügen
Keine Tags, Fügen Sie den ersten Tag hinzu!

MARC

LEADER 00000nam a2200000 a 4500
001 UCQ0649
003 CL-VaPUC
008 980703e19700000SP |||||||||||||||||eng|d
041 0 7 |a eng  |2 CL-VaPUC 
041 0 7 |a spa  |2 CL-VaPUC 
082 0 4 |a 658.049  |b ROI  |2 21 
100 0 |a Roig, Barto  |e author  |9 413892 
245 1 3 |a La empresa multinacional: algunos aspectos importantes 
300 |a 420 p 
942 |c BK 
945 |d 19980703 00:00:00  |a cmena 
260 |a Barcelona  |b EUNSA  |c 1970 
650 7 |a EMPRESAS TRANSNACIONALES  |2 CL-VaPUC  |9 341813 
650 0 |a Empresas   |9 255569 
650 0 |a Países en desarrollo  |9 259663 
650 0 |a Administración de empresas   |9 260833 
650 0 |a Aspectos sociales  |9 254894 
650 0 |a Humanismo  |9 256530 
650 7 |a INVESRION  |2 CL-VaPUC  |9 413893 
650 7 |a PLANIFICACION Y CONTROL  |2 CL-VaPUC  |9 413894 
650 0 |a Administración financiera  |9 261146 
583 |a last modification  |c 19980703 00:00:00  |k Rodrigo Vera 
490 0 |a IESE. Serie AC-3 
999 |c 271687  |d 271685 
952 |0 0  |1 0  |4 0  |6 658_049000000000000_ROI_1970  |7 0  |8 A  |9 306427  |a BIBENE  |b BIBENE  |d 2019-11-20  |i 1428799  |o 658.049 ROI 1970  |p 1428799  |r 2025-01-15  |w 2019-11-20  |y BK  |k ICO 
952 |0 0  |1 0  |4 0  |6 658_049000000000000_ROI_1970  |7 0  |8 A  |9 306428  |a BIBENE  |b BIBENE  |d 2019-11-20  |i 1428802  |o 658.049 ROI 1970  |p 1428802  |r 2025-01-15  |w 2019-11-20  |y BK  |k ICO 
952 |0 0  |1 0  |4 0  |6 658_049000000000000_ROI_1970  |7 0  |8 A  |9 306429  |a BIBENE  |b BIBENE  |d 2019-11-20  |i 1428810  |o 658.049 ROI 1970  |p 1428810  |r 2025-01-15  |w 2019-11-20  |y BK  |k ICO